[Event "Villarobledo Online Qualifyer"]
[Site "playchess.com #155672"]
[Date "2009.05.23"]
[Round "4"]
[White "Slavmonster"]
[Black "Novoselski"]
[Result "0-1"]
[WhiteElo "2097"]
[BlackElo "2550"]
[PlyCount "118"]
[EventDate "2009.05.23"]
[EventType "swiss (blitz)"]

1. e4 {[%emt 0:00:01]} c5 {[%emt 0:00:02]} 2. Nf3 {[%emt 0:00:01]} g6 {[%emt 0:
00:01]} 3. d4 {[%emt 0:00:02]} cxd4 {[%emt 0:00:00]} 4. Nxd4 {[%emt 0:00:01]}
Bg7 {[%emt 0:00:01]} 5. Nc3 {[%emt 0:00:01]} Nc6 {[%emt 0:00:01]} 6. Be3 {
[%emt 0:00:01]} Nf6 {[%emt 0:00:01]} 7. Bc4 {[%emt 0:00:03]} Qa5 {[%emt 0:00:
02]} 8. Bb3 {[%emt 0:00:02]} O-O {[%emt 0:00:03]} 9. O-O {[%emt 0:00:02]} d6 {
[%emt 0:00:01]} 10. f3 {[%emt 0:00:02]} Bd7 {[%emt 0:00:10]} 11. Qd2 {[%emt 0:
00:06]} Qh5 {[%emt 0:00:05]} 12. Nce2 {[%emt 0:00:13]} Nxd4 {[%emt 0:00:13]}
13. Bxd4 {[%emt 0:00:27]} Bh6 {[%emt 0:00:04]} 14. Be3 {[%emt 0:00:11]} Bxe3+ {
[%emt 0:00:02]} 15. Qxe3 {[%emt 0:00:00]} a5 {[%emt 0:00:10]} 16. a4 {[%emt 0:
00:02]} Rac8 {[%emt 0:00:04]} 17. Rad1 {[%emt 0:00:38]} Qe5 {[%emt 0:00:16]}
18. Nc3 {[%emt 0:00:16]} Be6 {[%emt 0:00:08]} 19. Qb6 {[%emt 0:00:13]} Rb8 {
[%emt 0:00:17]} 20. Nd5 {[%emt 0:00:12]} Bxd5 {[%emt 0:00:08]} 21. Bxd5 {[%emt
0:00:06]} Nd7 {[%emt 0:00:01]} 22. Qd4 {[%emt 0:00:52]} Nc5 {[%emt 0:00:07]}
23. b3 {[%emt 0:00:05]} e6 {[%emt 0:00:05]} 24. Bc4 {[%emt 0:00:07]} Rfd8 {
[%emt 0:00:03]} 25. Qe3 {[%emt 0:00:02]} b6 {[%emt 0:00:15] '} 26. Rfe1 {[%emt
0:00:02]} g5 {[%emt 0:00:03]} 27. Rd2 {[%emt 0:00:03]} Kf8 {[%emt 0:00:03]} 28.
Red1 {[%emt 0:00:01]} Ke7 {[%emt 0:00:01]} 29. g3 {[%emt 0:00:04]} h6 {[%emt 0:
00:06]} 30. Qf2 {[%emt 0:00:02]} g4 {[%emt 0:00:05]} 31. Re1 {[%emt 0:00:02]}
gxf3 {[%emt 0:00:02]} 32. Qxf3 {[%emt 0:00:00]} Qg5 {[%emt 0:00:02]} 33. Rf2 {
[%emt 0:00:01]} Rf8 {[%emt 0:00:01]} 34. e5 {[%emt 0:00:02]} d5 {[%emt 0:00:02]
} 35. Bd3 {[%emt 0:00:01]} f5 {[%emt 0:00:05]} 36. exf6+ {[%emt 0:00:01]} Rxf6
{[%emt 0:00:02]} 37. Qxf6+ {[%emt 0:00:02]} Qxf6 {[%emt 0:00:00]} 38. Rxf6 {
[%emt 0:00:01]} Kxf6 {[%emt 0:00:00]} 39. Bb5 {[%emt 0:00:01]} e5 {[%emt 0:00:
01]} 40. Rf1+ {[%emt 0:00:01]} Ke6 {[%emt 0:00:01]} 41. Re1 {[%emt 0:00:04]} e4
{[%emt 0:00:01]} 42. Kf2 {[%emt 0:00:01]} Rf8+ {[%emt 0:00:02]} 43. Ke3 {[%emt
0:00:01]} Rf3+ {[%emt 0:00:02]} 44. Kd4 {[%emt 0:00:00]} Kd6 {[%emt 0:00:04]}
45. Rxe4 {[%emt 0:00:11]} dxe4 {[%emt 0:00:02]} 46. Bc4 {[%emt 0:00:02]} Rf2 {
[%emt 0:00:02]} 47. Ke3 {[%emt 0:00:01]} Rxc2 {[%emt 0:00:02]} 48. h4 {[%emt 0:
00:01]} Rc3+ {[%emt 0:00:01]} 49. Ke2 {[%emt 0:00:01]} Ke5 {[%emt 0:00:01]} 50.
g4 {[%emt 0:00:01]} Nxb3 {[%emt 0:00:02]} 51. Bf7 {[%emt 0:00:02]} Nd4+ {[%emt
0:00:02]} 52. Kd2 {[%emt 0:00:01]} Rd3+ {[%emt 0:00:01]} 53. Ke1 {[%emt 0:00:
00]} e3 {[%emt 0:00:01]} 54. g5 {[%emt 0:00:01]} e2 {[%emt 0:00:01]} 55. g6 {
[%emt 0:00:03]} Rd1+ {[%emt 0:00:01]} 56. Kf2 {[%emt 0:00:00]} e1=Q+ {[%emt 0:
00:00]} 57. Kg2 {[%emt 0:00:01]} Rd2+ {[%emt 0:00:01]} 58. Kh3 {[%emt 0:00:02]}
Qg1 {[%emt 0:00:05]} 59. g7 {[%emt 0:00:02]} Rh2# {[%emt 0:00:02]} 0-1

[Event "Villarobledo Online Qualifyer"]
[Site "playchess.com #155672"]
[Date "2009.05.23"]
[Round "4"]
[White "Too Easy"]
[Black "Kakaku"]
[Result "0-1"]
[WhiteElo "1589"]
[BlackElo "1852"]
[PlyCount "88"]
[EventDate "2009.05.23"]
[EventType "swiss (blitz)"]

1. e4 {[%emt 0:00:01]} c6 {[%emt 0:00:01]} 2. d4 {[%emt 0:00:02]} d5 {[%emt 0:
00:02]} 3. Nd2 {[%emt 0:00:01]} dxe4 {[%emt 0:00:05]} 4. Nxe4 {[%emt 0:00:06]}
Nd7 {[%emt 0:00:02]} 5. Nc5 {[%emt 0:00:03]} Nxc5 {[%emt 0:00:02]} 6. dxc5 {
[%emt 0:00:07]} Qa5+ {[%emt 0:00:06]} 7. c3 {[%emt 0:00:07]} Qxc5 {[%emt 0:00:
01]} 8. Nf3 {[%emt 0:00:01]} Bg4 {[%emt 0:00:06]} 9. Be2 {[%emt 0:00:01]} e6 {
[%emt 0:00:07]} 10. O-O {[%emt 0:00:01]} Nf6 {[%emt 0:00:11]} 11. Be3 {[%emt 0:
00:01]} Qd6 {[%emt 0:00:04]} 12. Qb3 {[%emt 0:00:04]} Qc7 {[%emt 0:00:02]} 13.
h3 {[%emt 0:00:08]} Bh5 {[%emt 0:00:04]} 14. Rad1 {[%emt 0:00:05]} Be7 {[%emt
0:00:04]} 15. Rfe1 {[%emt 0:00:05]} O-O {[%emt 0:00:03]} 16. Bd4 {[%emt 0:00:
37]} Bxf3 {[%emt 0:00:14]} 17. Bxf3 {[%emt 0:00:01]} Rfd8 {[%emt 0:00:11]} 18.
Be5 {[%emt 0:00:03]} Qb6 {[%emt 0:00:01]} 19. Qc2 {[%emt 0:00:03]} Rxd1 {[%emt
0:00:12]} 20. Rxd1 {[%emt 0:00:10]} Qa5 {[%emt 0:00:15]} 21. Bxf6 {[%emt 0:00:
35]} Bxf6 {[%emt 0:00:03]} 22. a3 {[%emt 0:00:01]} Rd8 {[%emt 0:00:04]} 23.
Rxd8+ {[%emt 0:00:01]} Bxd8 {[%emt 0:00:03]} 24. Qb3 {[%emt 0:00:05]} Qc7 {
[%emt 0:00:08]} 25. Qa4 {[%emt 0:00:06]} a5 {[%emt 0:00:08]} 26. Qe4 {[%emt 0:
00:27]} g6 {[%emt 0:00:06]} 27. a4 {[%emt 0:00:01]} Bf6 {[%emt 0:00:05]} 28.
Qd3 {[%emt 0:00:03]} Kg7 {[%emt 0:00:07]} 29. b3 {[%emt 0:00:02] Too Easy
propose la nulle} Qf4 {[%emt 0:00:10]} 30. c4 {[%emt 0:00:04]} Be5 {[%emt 0:00:
12]} 31. g3 {[%emt 0:00:04]} Qc1+ {[%emt 0:00:04]} 32. Kg2 {[%emt 0:00:01]} Bc3
{[%emt 0:00:03]} 33. Bd1 {[%emt 0:00:15]} e5 {[%emt 0:00:11]} 34. Qc2 {[%emt 0:
00:07]} Qa1 {[%emt 0:00:04]} 35. Qd3 {[%emt 0:00:03]} Bd4 {[%emt 0:00:02]} 36.
g4 {[%emt 0:00:10]} Qb2 {[%emt 0:00:07]} 37. Bc2 {[%emt 0:00:03]} Qc1 {[%emt 0:
00:04]} 38. Qe4 {[%emt 0:00:10]} Qd2 {[%emt 0:00:11]} 39. h4 {[%emt 0:00:05]}
Qxf2+ {[%emt 0:00:03]} 40. Kh3 {[%emt 0:00:05]} Qf1+ {[%emt 0:00:06]} 41. Kh2 {
[%emt 0:00:02]} Bg1+ {[%emt 0:00:02]} 42. Kg3 {[%emt 0:00:01]} Bf2+ {[%emt 0:
00:03]} 43. Kh2 {[%emt 0:00:02]} Qg1+ {[%emt 0:00:02]} 44. Kh3 {[%emt 0:00:00]}
Qg3# {[%emt 0:00:01]} 0-1

[Event "Villarobledo Online Qualifyer"]
[Site "playchess.com #155672"]
[Date "2009.05.23"]
[Round "4"]
[White "Pra120"]
[Black "Clocktower"]
[Result "0-1"]
[WhiteElo "1535"]
[BlackElo "2061"]
[PlyCount "122"]
[EventDate "2009.05.23"]
[EventType "swiss (blitz)"]

1. e4 {[%emt 0:00:02]} c5 {[%emt 0:00:01]} 2. Nf3 {[%emt 0:00:02]} Nc6 {[%emt
0:00:01]} 3. d4 {[%emt 0:00:00]} cxd4 {[%emt 0:00:00]} 4. Nxd4 {[%emt 0:00:02]}
Nf6 {[%emt 0:00:01]} 5. Nc3 {[%emt 0:00:01]} e5 {[%emt 0:00:01]} 6. Ndb5 {
[%emt 0:00:02]} d6 {[%emt 0:00:01]} 7. Nd5 {[%emt 0:00:01]} Nxd5 {[%emt 0:00:
02]} 8. exd5 {[%emt 0:00:01]} Ne7 {[%emt 0:00:00]} 9. c4 {[%emt 0:00:02]} Nf5 {
[%emt 0:00:03]} 10. g4 {[%emt 0:00:10]} Nh4 {[%emt 0:00:05]} 11. Be3 {[%emt 0:
00:22]} Be7 {[%emt 0:00:02]} 12. Qd2 {[%emt 0:00:05]} a6 {[%emt 0:00:02]} 13.
Be2 {[%emt 0:00:06]} axb5 {[%emt 0:00:04]} 14. cxb5 {[%emt 0:00:00]} Qa5 {
[%emt 0:00:04]} 15. b4 {[%emt 0:00:03]} Qa3 {[%emt 0:00:05]} 16. f3 {[%emt 0:
00:23]} Ng2+ {[%emt 0:00:02]} 17. Kf2 {[%emt 0:00:02]} Qxe3+ {[%emt 0:00:02]}
18. Qxe3 {[%emt 0:00:00]} Nxe3 {[%emt 0:00:00]} 19. Kxe3 {[%emt 0:00:01]} Bg5+
{[%emt 0:00:00]} 20. Ke4 {[%emt 0:00:01]} g6 {[%emt 0:00:04]} 21. h4 {[%emt 0:
00:01]} f5+ {[%emt 0:00:01]} 22. Kd3 {[%emt 0:00:07]} e4+ {[%emt 0:00:03]} 23.
fxe4 {[%emt 0:00:05]} fxe4+ {[%emt 0:00:01]} 24. Kxe4 {[%emt 0:00:01]} Bf6 {
[%emt 0:00:01]} 25. Raf1 {[%emt 0:00:02]} O-O {[%emt 0:00:01]} 26. g5 {[%emt 0:
00:05]} Be5 {[%emt 0:00:01]} 27. Rxf8+ {[%emt 0:00:04]} Kxf8 {[%emt 0:00:00]}
28. h5 {[%emt 0:00:02]} Kg7 {[%emt 0:00:03]} 29. h6+ {[%emt 0:00:01]} Kg8 {
[%emt 0:00:02]} 30. Rf1 {[%emt 0:00:02]} Bd7 {[%emt 0:00:02]} 31. Bc4 {[%emt 0:
00:02]} Rf8 {[%emt 0:00:03]} 32. Rxf8+ {[%emt 0:00:05]} Kxf8 {[%emt 0:00:00]}
33. a4 {[%emt 0:00:02]} Bf5+ {[%emt 0:00:04]} 34. Ke3 {[%emt 0:00:04]} Bc3 {
[%emt 0:00:02]} 35. a5 {[%emt 0:00:06]} Bxb4 {[%emt 0:00:01]} 36. a6 {[%emt 0:
00:01]} bxa6 {[%emt 0:00:02]} 37. bxa6 {[%emt 0:00:02]} Ke7 {[%emt 0:00:06]}
38. Kf4 {[%emt 0:00:19]} Bc5 {[%emt 0:00:03]} 39. Bb5 {[%emt 0:00:06]} Bc2 {
[%emt 0:00:05]} 40. Bc6 {[%emt 0:00:00]} Bd3 {[%emt 0:00:02]} 41. Bb7 {[%emt 0:
00:02]} Kd7 {[%emt 0:00:02]} 42. Kg4 {[%emt 0:00:07]} Kc7 {[%emt 0:00:02]} 43.
Kh4 {[%emt 0:00:03]} Kb6 {[%emt 0:00:02]} 44. Bc8 {[%emt 0:00:07]} Bxa6 {[%emt
0:00:07]} 45. Be6 {[%emt 0:00:09]} Bf2+ {[%emt 0:00:06]} 46. Kg4 {[%emt 0:00:
09]} Be2+ {[%emt 0:00:01]} 47. Kh3 {[%emt 0:00:03]} Be3 {[%emt 0:00:02]} 48.
Kh4 {[%emt 0:00:02]} Bf2+ {[%emt 0:00:04]} 49. Kh3 {[%emt 0:00:02]} Kc5 {[%emt
0:00:04]} 50. Bg8 {[%emt 0:00:02]} Bf1+ {[%emt 0:00:06]} 51. Kg4 {[%emt 0:00:
03]} Be2+ {[%emt 0:00:08]} 52. Kh3 {[%emt 0:00:02] Pra120 offers a draw} Bd3 {
[%emt 0:00:13]} 53. Bxh7 {[%emt 0:00:02]} Bd4 {[%emt 0:00:02]} 54. Bg8 {[%emt
0:00:02]} Be4 {[%emt 0:00:02]} 55. Bf7 {[%emt 0:00:06]} Kc4 {[%emt 0:00:22]}
56. Kg4 {[%emt 0:00:09]} Kd3 {[%emt 0:00:04]} 57. Kh4 {[%emt 0:00:15]} Ke3 {
[%emt 0:00:02]} 58. Bg8 {[%emt 0:00:03]} Kf4 {[%emt 0:00:03]} 59. Bf7 {[%emt 0:
00:02]} Bg2 {[%emt 0:00:26]} 60. Bxg6 {[%emt 0:00:05]} Bf2+ {[%emt 0:00:02]}
61. Kh5 {[%emt 0:00:01]} Bf3# {[%emt 0:00:00]} 0-1

[Event "Villarobledo Online Qualifyer"]
[Site "playchess.com #155672"]
[Date "2009.05.23"]
[Round "4"]
[White "Tdurden"]
[Black "Spirliadis"]
[Result "1-0"]
[WhiteElo "2191"]
[BlackElo "1916"]
[PlyCount "137"]
[EventDate "2009.05.23"]
[EventType "swiss (blitz)"]

1. e4 {[%emt 0:00:02]} e6 {[%emt 0:00:00]} 2. d4 {[%emt 0:00:04]} d5 {[%emt 0:
00:00]} 3. Nc3 {[%emt 0:00:01]} Bb4 {[%emt 0:00:01]} 4. e5 {[%emt 0:00:01]} c5
{[%emt 0:00:01]} 5. a3 {[%emt 0:00:01]} Bxc3+ {[%emt 0:00:00]} 6. bxc3 {[%emt
0:00:00]} Nc6 {[%emt 0:00:00]} 7. Nf3 {[%emt 0:00:12]} Nge7 {[%emt 0:00:02]} 8.
Bd3 {[%emt 0:00:04]} Qa5 {[%emt 0:00:02]} 9. Bd2 {[%emt 0:00:11]} c4 {[%emt 0:
00:03]} 10. Be2 {[%emt 0:00:04]} Bd7 {[%emt 0:00:01]} 11. O-O {[%emt 0:00:02]}
O-O-O {[%emt 0:00:02]} 12. Rb1 {[%emt 0:00:07]} f6 {[%emt 0:00:03]} 13. exf6 {
[%emt 0:00:05]} gxf6 {[%emt 0:00:01]} 14. Qc1 {[%emt 0:00:07]} Qc7 {[%emt 0:00:
09]} 15. Bf4 {[%emt 0:00:03]} e5 {[%emt 0:00:05]} 16. Bg3 {[%emt 0:00:13]} Nf5
{[%emt 0:00:04]} 17. dxe5 {[%emt 0:00:18]} Nxg3 {[%emt 0:00:06]} 18. hxg3 {
[%emt 0:00:12]} fxe5 {[%emt 0:00:02]} 19. Qh6 {[%emt 0:00:09]} Rdf8 {[%emt 0:
00:31]} 20. Rbd1 {[%emt 0:00:07]} Ne7 {[%emt 0:00:39]} 21. Qg7 {[%emt 0:00:09]}
Ng6 {[%emt 0:01:15]} 22. Rxd5 {[%emt 0:00:04]} Rfg8 {[%emt 0:00:26]} 23. Qh6 {
[%emt 0:00:06]} Bc6 {[%emt 0:00:01]} 24. Rd2 {[%emt 0:00:09]} Re8 {[%emt 0:00:
01]} 25. Rfd1 {[%emt 0:00:06]} e4 {[%emt 0:00:01]} 26. Nd4 {[%emt 0:00:03]} e3
{[%emt 0:00:01]} 27. fxe3 {[%emt 0:00:11]} Ne5 {[%emt 0:00:01]} 28. Nxc6 {
[%emt 0:00:05]} Nxc6 {[%emt 0:00:02]} 29. Bf3 {[%emt 0:00:10]} Ne5 {[%emt 0:00:
07]} 30. Qf4 {[%emt 0:00:14] .} Nxf3+ {[%emt 0:00:01]} 31. gxf3 {[%emt 0:00:02]
} Qxf4 {[%emt 0:00:03]} 32. exf4 {[%emt 0:00:02]} Rhg8 {[%emt 0:00:01]} 33. Kf2
{[%emt 0:00:01]} Re7 {[%emt 0:00:02]} 34. Rd4 {[%emt 0:00:06]} b5 {[%emt 0:00:
01]} 35. a4 {[%emt 0:00:02]} a6 {[%emt 0:00:01]} 36. axb5 {[%emt 0:00:01]} axb5
{[%emt 0:00:00]} 37. Rd5 {[%emt 0:00:01]} Rb7 {[%emt 0:00:02]} 38. Rc5+ {[%emt
0:00:01]} Kb8 {[%emt 0:00:01]} 39. Rdd5 {[%emt 0:00:00]} Rbg7 {[%emt 0:00:04]}
40. Rxb5+ {[%emt 0:00:01]} Ka7 {[%emt 0:00:00]} 41. Rg5 {[%emt 0:00:02]} Ka6 {
[%emt 0:00:02]} 42. Rxg7 {[%emt 0:00:02]} Rxg7 {[%emt 0:00:00]} 43. Rc5 {[%emt
0:00:01]} Rd7 {[%emt 0:00:01]} 44. Rxc4 {[%emt 0:00:01]} Rd2+ {[%emt 0:00:01]}
45. Ke3 {[%emt 0:00:01]} Rxc2 {[%emt 0:00:00]} 46. f5 {[%emt 0:00:01]} Kb5 {
[%emt 0:00:01]} 47. Rc8 {[%emt 0:00:02]} Kb6 {[%emt 0:00:02]} 48. f6 {[%emt 0:
00:01]} Kb7 {[%emt 0:00:00]} 49. f7 {[%emt 0:00:01]} Kxc8 {[%emt 0:00:01]} 50.
f8=Q+ {[%emt 0:00:00]} Kc7 {[%emt 0:00:01]} 51. Qf7+ {[%emt 0:00:02]} Kd6 {
[%emt 0:00:04]} 52. Qf6+ {[%emt 0:00:06]} Kc7 {[%emt 0:00:04]} 53. Qg7+ {[%emt
0:00:01]} Kd6 {[%emt 0:00:02]} 54. Qh6+ {[%emt 0:00:01]} Kc5 {[%emt 0:00:04]}
55. Qxh7 {[%emt 0:00:01]} Rxc3+ {[%emt 0:00:01]} 56. Qd3 {[%emt 0:00:03]} Rxd3+
{[%emt 0:00:01]} 57. Kxd3 {[%emt 0:00:00]} Kd5 {[%emt 0:00:00]} 58. f4 {[%emt
0:00:01]} Ke6 {[%emt 0:00:01]} 59. Ke4 {[%emt 0:00:00]} Kf6 {[%emt 0:00:01]}
60. f5 {[%emt 0:00:01]} Kg5 {[%emt 0:00:01]} 61. Ke5 {[%emt 0:00:01]} Kh6 {
[%emt 0:00:01]} 62. Ke6 {[%emt 0:00:02]} Kg7 {[%emt 0:00:00]} 63. Ke7 {[%emt 0:
00:01]} Kg8 {[%emt 0:00:00]} 64. f6 {[%emt 0:00:01]} Kh8 {[%emt 0:00:00]} 65.
f7 {[%emt 0:00:00]} Kg7 {[%emt 0:00:00]} 66. f8=Q+ {[%emt 0:00:01]} Kg6 {[%emt
0:00:00]} 67. Qg8+ {[%emt 0:00:01]} Kh5 {[%emt 0:00:01]} 68. Kf6 {[%emt 0:00:
03]} Kh6 {[%emt 0:00:00]} 69. Qh8# {[%emt 0:00:01]} 1-0

[Event "Villarobledo Online Qualifyer"]
[Site "playchess.com #155672"]
[Date "2009.05.23"]
[Round "4"]
[White "Imperatrix"]
[Black "Buster hyman"]
[Result "1-0"]
[WhiteElo "1648"]
[BlackElo "1760"]
[PlyCount "118"]
[EventDate "2009.05.23"]
[EventType "swiss (blitz)"]

1. d4 {[%emt 0:00:02]} d5 {[%emt 0:00:02]} 2. c4 {[%emt 0:00:02]} c6 {[%emt 0:
00:02]} 3. Nf3 {[%emt 0:00:02]} Nf6 {[%emt 0:00:01]} 4. Nc3 {[%emt 0:00:01]} a6
{[%emt 0:00:02]} 5. Bg5 {[%emt 0:00:03]} Ne4 {[%emt 0:00:11]} 6. Bh4 {[%emt 0:
00:03]} Qa5 {[%emt 0:00:09]} 7. Qc2 {[%emt 0:00:04]} Bf5 {[%emt 0:00:07]} 8.
Qb3 {[%emt 0:00:21]} Nd7 {[%emt 0:00:06]} 9. cxd5 {[%emt 0:00:06]} Nxc3 {[%emt
0:00:12]} 10. Qxc3 {[%emt 0:00:05]} Qxc3+ {[%emt 0:00:03]} 11. bxc3 {[%emt 0:
00:01]} cxd5 {[%emt 0:00:01]} 12. e3 {[%emt 0:00:08]} b5 {[%emt 0:00:04]} 13.
a4 {[%emt 0:00:08]} Rb8 {[%emt 0:00:04]} 14. axb5 {[%emt 0:00:06]} axb5 {[%emt
0:00:01]} 15. Be2 {[%emt 0:00:18]} e6 {[%emt 0:00:03]} 16. O-O {[%emt 0:00:03]}
Bd6 {[%emt 0:00:01]} 17. Ra5 {[%emt 0:00:12]} b4 {[%emt 0:00:08]} 18. cxb4 {
[%emt 0:00:03]} Bxb4 {[%emt 0:00:04]} 19. Rb5 {[%emt 0:00:05]} O-O {[%emt 0:00:
08]} 20. Rxb8 {[%emt 0:00:07]} Rxb8 {[%emt 0:00:02]} 21. Bg3 {[%emt 0:00:03]}
Rb6 {[%emt 0:00:15]} 22. Ne5 {[%emt 0:00:01]} Nxe5 {[%emt 0:00:02]} 23. Bxe5 {
[%emt 0:00:02]} Bd6 {[%emt 0:00:02]} 24. Bxd6 {[%emt 0:00:03]} Rxd6 {[%emt 0:
00:02]} 25. Rc1 {[%emt 0:00:02]} g5 {[%emt 0:00:09] Imperatrix offers a draw}
26. g4 {[%emt 0:00:05]} Bg6 {[%emt 0:00:13]} 27. Rc3 {[%emt 0:00:04]} Rb6 {
[%emt 0:00:02]} 28. Bd3 {[%emt 0:00:10]} Kg7 {[%emt 0:00:08]} 29. Bxg6 {[%emt
0:00:02]} Kxg6 {[%emt 0:00:01]} 30. Kg2 {[%emt 0:00:01]} Rb2 {[%emt 0:00:01]}
31. Kg3 {[%emt 0:00:02]} h5 {[%emt 0:00:04]} 32. gxh5+ {[%emt 0:00:02]} Kxh5 {
[%emt 0:00:01]} 33. Rc7 {[%emt 0:00:00]} Kg6 {[%emt 0:00:02]} 34. Ra7 {[%emt 0:
00:03]} Rb1 {[%emt 0:00:02] Imperatrix offers a draw} 35. Rc7 {[%emt 0:00:04]}
Rg1+ {[%emt 0:00:02]} 36. Kf3 {[%emt 0:00:02]} f5 {[%emt 0:00:09]} 37. Rc8 {
[%emt 0:00:05]} g4+ {[%emt 0:00:07]} 38. Kf4 {[%emt 0:00:02]} Rg2 {[%emt 0:00:
07]} 39. Ke5 {[%emt 0:00:15]} Rxf2 {[%emt 0:00:09]} 40. Kxe6 {[%emt 0:00:01]}
Re2 {[%emt 0:00:03]} 41. Rg8+ {[%emt 0:00:06]} Kh7 {[%emt 0:00:04]} 42. Rg5 {
[%emt 0:00:07]} Rxe3+ {[%emt 0:00:05]} 43. Kxf5 {[%emt 0:00:01]} Re4 {[%emt 0:
00:07]} 44. Rxg4 {[%emt 0:00:04]} Re2 {[%emt 0:00:06]} 45. h4 {[%emt 0:00:03]}
Kh6 {[%emt 0:00:13]} 46. Rg3 {[%emt 0:00:03]} Re4 {[%emt 0:00:05]} 47. Rg4 {
[%emt 0:00:04]} Re2 {[%emt 0:00:02]} 48. Rg6+ {[%emt 0:00:04]} Kh5 {[%emt 0:00:
06]} 49. Rd6 {[%emt 0:00:07]} Kxh4 {[%emt 0:00:16]} 50. Rxd5 {[%emt 0:00:01]}
Kg3 {[%emt 0:00:05]} 51. Re5 {[%emt 0:00:02]} Rd2 {[%emt 0:00:03]} 52. d5 {
[%emt 0:00:02]} Kf3 {[%emt 0:00:01]} 53. Ke6 {[%emt 0:00:01]} Kf4 {[%emt 0:00:
02]} 54. d6 {[%emt 0:00:02]} Ra2 {[%emt 0:00:07]} 55. Rd5 {[%emt 0:00:05]} Ra6
{[%emt 0:00:02]} 56. Ke7 {[%emt 0:00:01]} Ke4 {[%emt 0:00:01]} 57. Rd1 {[%emt
0:00:04]} Ke5 {[%emt 0:00:02]} 58. d7 {[%emt 0:00:01]} Ra7 {[%emt 0:00:02]} 59.
Ke8 {[%emt 0:00:01]} Kf6 {[%emt 0:00:04] Buster hyman resigns} 1-0

[Event "Villarobledo Online Qualifyer"]
[Site "playchess.com #155672"]
[Date "2009.05.23"]
[Round "4"]
[White "Cemcakan3"]
[Black "Eddie"]
[Result "0-1"]
[WhiteElo "2217"]
[BlackElo "1941"]
[PlyCount "130"]
[EventDate "2009.05.23"]
[EventType "swiss (blitz)"]

1. d4 {[%emt 0:00:01]} Nf6 {[%emt 0:00:02]} 2. c4 {[%emt 0:00:01]} e6 {[%emt 0:
00:00]} 3. Nf3 {[%emt 0:00:01]} b6 {[%emt 0:00:01]} 4. g3 {[%emt 0:00:01]} Ba6
{[%emt 0:00:01]} 5. b3 {[%emt 0:00:00]} Bb4+ {[%emt 0:00:01]} 6. Bd2 {[%emt 0:
00:00]} Be7 {[%emt 0:00:01]} 7. Bg2 {[%emt 0:00:02]} d5 {[%emt 0:00:01]} 8. O-O
{[%emt 0:00:03]} Bb7 {[%emt 0:00:02]} 9. Ne5 {[%emt 0:00:02]} Nbd7 {[%emt 0:00:
06]} 10. Nxd7 {[%emt 0:00:03]} Qxd7 {[%emt 0:00:02]} 11. Nc3 {[%emt 0:00:05]}
O-O {[%emt 0:00:02]} 12. Bf4 {[%emt 0:00:04]} c5 {[%emt 0:00:02]} 13. cxd5 {
[%emt 0:00:05]} Nxd5 {[%emt 0:00:04]} 14. Nxd5 {[%emt 0:00:02]} Bxd5 {[%emt 0:
00:00]} 15. dxc5 {[%emt 0:00:06]} Bxc5 {[%emt 0:00:46]} 16. e4 {[%emt 0:00:01]}
Bc6 {[%emt 0:00:01]} 17. Qxd7 {[%emt 0:00:01]} Bxd7 {[%emt 0:00:00]} 18. Rfd1 {
[%emt 0:00:09]} Bc6 {[%emt 0:00:06]} 19. Bd6 {[%emt 0:00:00]} Rfd8 {[%emt 0:00:
33]} 20. Bxc5 {[%emt 0:00:06]} bxc5 {[%emt 0:00:00]} 21. Rac1 {[%emt 0:00:06]}
Rac8 {[%emt 0:00:02]} 22. h4 {[%emt 0:00:08]} Rxd1+ {[%emt 0:00:10]} 23. Rxd1 {
[%emt 0:00:00]} Bb5 {[%emt 0:00:17]} 24. Rc1 {[%emt 0:00:03]} Kf8 {[%emt 0:00:
06]} 25. Bf1 {[%emt 0:00:04]} Bxf1 {[%emt 0:00:04]} 26. Kxf1 {[%emt 0:00:00]}
Ke7 {[%emt 0:00:01]} 27. Ke2 {[%emt 0:00:01]} Kd6 {[%emt 0:00:08]} 28. f4 {
[%emt 0:00:03]} f5 {[%emt 0:00:14]} 29. Rd1+ {[%emt 0:00:16]} Kc6 {[%emt 0:00:
04]} 30. e5 {[%emt 0:00:02]} Rc7 {[%emt 0:00:04]} 31. Rd6+ {[%emt 0:00:02]} Kb5
{[%emt 0:00:06]} 32. Rxe6 {[%emt 0:00:02]} Rd7 {[%emt 0:00:01]} 33. Re8 {[%emt
0:00:10]} Kb4 {[%emt 0:00:04]} 34. e6 {[%emt 0:00:10]} Rd6 {[%emt 0:00:04]} 35.
e7 {[%emt 0:00:15]} Ka3 {[%emt 0:00:05]} 36. Kf2 {[%emt 0:00:11]} Re6 {[%emt 0:
00:05]} 37. g4 {[%emt 0:00:11]} fxg4 {[%emt 0:00:24]} 38. f5 {[%emt 0:00:02]}
Re5 {[%emt 0:00:06]} 39. Kg3 {[%emt 0:00:01]} h5 {[%emt 0:00:01]} 40. Kf4 {
[%emt 0:00:03]} Re1 {[%emt 0:00:02]} 41. Kg5 {[%emt 0:00:29] .} g3 {[%emt 0:00:
03]} 42. Rc8 {[%emt 0:00:02]} g2 {[%emt 0:00:05]} 43. e8=Q {[%emt 0:00:18]}
g1=Q+ {[%emt 0:00:03]} 44. Kxh5 {[%emt 0:00:01]} Rxe8 {[%emt 0:00:03]} 45. Rxe8
{[%emt 0:00:00]} Kxa2 {[%emt 0:00:05]} 46. Re7 {[%emt 0:00:15]} Kxb3 {[%emt 0:
00:03]} 47. Rxa7 {[%emt 0:00:01]} c4 {[%emt 0:00:01]} 48. Rb7+ {[%emt 0:00:00]}
Kc2 {[%emt 0:00:01]} 49. f6 {[%emt 0:00:01]} gxf6 {[%emt 0:00:01]} 50. Kh6 {
[%emt 0:00:02]} c3 {[%emt 0:00:02]} 51. h5 {[%emt 0:00:01]} Qg5+ {[%emt 0:00:
01]} 52. Kh7 {[%emt 0:00:03]} Qxh5+ {[%emt 0:00:04]} 53. Kg7 {[%emt 0:00:00]}
Qe5 {[%emt 0:00:02]} 54. Rf7 {[%emt 0:00:04]} f5+ {[%emt 0:00:02]} 55. Kg6 {
[%emt 0:00:01]} f4 {[%emt 0:00:02]} 56. Rf5 {[%emt 0:00:02]} Qe4 {[%emt 0:00:
01]} 57. Kg5 {[%emt 0:00:01]} Qxf5+ {[%emt 0:00:01]} 58. Kxf5 {[%emt 0:00:01]}
f3 {[%emt 0:00:00]} 59. Kg6 {[%emt 0:00:03]} f2 {[%emt 0:00:00]} 60. Kh7 {
[%emt 0:00:01]} f1=Q {[%emt 0:00:00]} 61. Kh8 {[%emt 0:00:00]} Qg2 {[%emt 0:00:
01]} 62. Kh7 {[%emt 0:00:00]} Kd3 {[%emt 0:00:02]} 63. Kh8 {[%emt 0:00:01]} c2
{[%emt 0:00:00]} 64. Kh7 {[%emt 0:00:00]} c1=Q {[%emt 0:00:01]} 65. Kh8 {[%emt
0:00:00]} Qch1# {[%emt 0:00:01]} 0-1